000
00259nam a2200121 a 4500
008
100720s1999|||| d
100
1
_a
Steelova, Danielle
245
1
0
_a
Dvojník
260
_b
Ikar
_a
Praha
_c
1999
020
_c
139
041
_a
cze
044
_a
CZ
999
_c
7561
_d
7561